Vald Featurings - Statistiques

Statistiques générales
  • Ce quiz a été pris 152 fois
  • Le résultat moyen est 20 sur 42
Statistiques - réponses
Hint Réponse % Correct
Peon (2022); Qui dit mieux (2018) Orelsan
98%
Vitrine (2017) Damso
97%
Qui dit mieux (2018); Ding Dong (2016);Quoi d'neuf frérot (2016); Flowjob (2015); Infanticide (2015); Deuspi (2012); Metafion (2012); Mon présent (2012); John Doe (2012); NQNT (2012); Ass propos (2012); Bad Trip (2012); Que fait la police (2012); Blanc (2017); Offshore (2018); Happy End (2022); Echelon Freestyle (2022); Tellement toi (2022); 93 milliards (2024) Suikon Blaz AD
95%
Dragon (2018); Iencli (2019); Woah (2019); Carré (2013);Guedro REMIX (2017) Sofiane
90%
Bitch (2019) Lefa
87%
Bizarre (2018) Lorenzo
87%
L'addition (2019); Woah (2019); Horizon Vertical (2020) Heuss L'enfoiré
86%
Pas de reine (2020) Koba LaD
83%
Halloween (2019); Dernier retrait (2019) SCH
83%
ASB (2019) Maes
77%
Qui dit mieux (2018) Gringe
73%
Maudit (2022) Hamza
72%
Fan (2022) Bigflo & Oli
69%
Pleurez ! (2015); Meilleur lendemain (2015);Plus haut (2018) Alkpote
62%
Barbara (2018); La ive (2012); Elyxir (2012);Épices loufoques (2012); Bad Trip (2012); Sex, Drug & Rock'n'roll (2013) Georgio
60%
Delorean (2018) Rim'K
60%
Rituel (2018) Sirius
59%
J'suis loin (2019) Jul
57%
Woah (2019; Un jour de plus (2018);Guedro REMIX (2017) Kalash Criminel
51%
Valise (2018) Hornet La Frappe
49%
Voraces (2023) Souffrance
48%
Jetez pas l'oeil (2021) Gims
46%
Alliance (2021); Woah (2019) Sadek
42%
Jusqu'à la fin (2021) 7 Jaws
33%
Pour eux (2020) Naps
33%
Woah (2019) Soolking
32%
Echelon Freestyle Charles Bdl
30%
Sex, Drug & Rock'n'roll (2013) Lomepal
28%
Echelon Freestyle Yonidas
26%
Sex, Drug & Rock'n'roll (2013) Alpha Wann
25%
Woah (2019); Guedro REMIX (2017) Mac Tyer
24%
Echelon Freestyle Rafal
24%
Cylindrique (2012); Bad Trip (2012) Bazoo
17%
Borderline (2013); Numéro 13 (2016); Pour si peu (2012) Rabakar
15%
Hippopotomonstrosesquippedaliophobie (2012) DF
13%
Hippopotomonstrosesquippedaliophobie (2012) Gab
12%
Carré (2013) Tunisiano
11%
Mon insolence (2015) Goune
9%
Numéro 13 (2016) Katana
7%
Numéro 13 (2016) Zekwe Ramos
6%
Ding dong (2016) K-Ro
5%
Carré (2013) Ol Kainry
5%
Aucun quiz correspondant
Distribution des résultats
% des personnes avec chaque résultat
Percentile par nombre de réponses
Votre historique - résultats
Vous n’avez pas pris ce quiz